00589cas a22002057a 450000500170000000800410001701000100005801100100006803500100007824500400008826000650012830000070019331000140020036200190021465000390023365000400027286600220031286600230033486600260035720220329142322.0000620u1959 cr zr pernn 0 b1eng d a81628 a82600 a9309900aCoffee and Cacao Technical Services0 aTurrialba, C.R. :bScientific Communications Service,c1959- av. aBimestral av.5 n.16, 196314aCacaoxPublicaciones periódicas.14aCaféxPublicaciones periódicas. av.3 n.8-11 (1961) av.4 n.13-15 (1962) av.5 n.16-17,19 (1963)